|
|
|
|
| LEADER |
00000cam a2200000 7i4500 |
| 001 |
0000009012 |
| 005 |
20161128.0 |
| 020 |
|
|
|a 9679781542
|
| 040 |
|
|
|a INS
|
| 090 |
0 |
0 |
|a TH113.M32
|b W36 1987
|
| 100 |
1 |
|
|a Wang, Bernard T. H.,Dr.
|
| 245 |
1 |
0 |
|a Construction and development :
|b with reference to Malaysia
|c Dr. Bernard T. H. Wang
|
| 260 |
|
|
|a Petaling Jaya :
|b Pelanduk Publ. ,
|c 1987
|
| 300 |
|
|
|a 418p. :
|b ill ;
|c 23 cm.
|
| 500 |
|
|
|a Includes Bibliography and index
|
| 650 |
0 |
0 |
|a Building
|z Malaysia
|
| 650 |
0 |
0 |
|a Construction industry
|z Malaysia
|
| 999 |
|
|
|a 0000023524
|b BOOK
|c Open Shelf
|e Default branch
|
| 999 |
|
|
|a 1000000222
|b BOOK
|c Open Shelf
|e Default branch
|